MTIV process, inspiration and practice for the new media designer

Bibliographic Details
Main Author: Curtis, Hillman
Format: Book
Published: Indiana : New riders , 2002
Subjects:

MARC

LEADER 00000cam a2200000 7i4500
001 0000013816
005 20050423.0
020 |a 0735711658 
040 |a INS 
090 0 0 |a QA76.575   |b C688 2002 
100 1 |a Curtis, Hillman 
245 1 0 |a MTIV process, inspiration and practice for the new media designer   |c Hillman Curtis 
260 |a Indiana :   |b New riders ,   |c 2002 
300 |a 7 :   |b 239p ;   |c 25cm. 
650 0 0 |a Computer animation 
650 0 0 |a Computer graphics 
650 0 0 |a Curtis   |x Hillman 
650 0 0 |a Digital media 
999 |a 0000011397   |b BOOK   |c Open Shelf   |e Default branch